| 000 | 00481nam a2200181Ia 4500 | ||
|---|---|---|---|
| 003 | GCL | ||
| 008 | 140319s9999 xx 000 0 ara d | ||
| 040 |
_aGCL / _cGCL |
||
| 082 | 0 | 4 |
_a810.9 _bم ش |
| 100 | 1 | _aمحمد صبرى | |
| 245 | 1 | 0 |
_aالشوامخ امرؤ القيس : درس وتحليل / _cمحمد صبرى |
| 300 | _a112 ص | ||
| 490 | _a | ||
| 650 | 0 | 4 | _aالشعر العربى |
| 650 | 0 | 4 | _aالشعراء |
| 650 | 0 | 4 | _aامرؤ القيس |
| 942 |
_2ddc _cBK |
||
| 999 |
_c45465 _d45465 |
||